000 00905nam a2200289 i 4500
001 183210
003 ES-MaACL
005 20250720042626.0
008 140130s1988 sp |||| | spa d
020 _a84-7223-100-3
080 _a248.147
080 _a235.3
100 1 _aCioran, E. M.
_938864
245 1 0 _aDe lágrimas y de santos /
_cE.M. Cioran ; prefacio de Sanda Stolojan ; traducción de Rafael Panizo.
250 _a[1ª ed.].
260 _aBarcelona :
_bTusquets,
_c1988.
300 _a113 p. ;
_c21 cm.
490 1 _aMarginales ;
_v100
650 7 _aSantos cristianos
_2
_9154315
650 0 4 _aSufrimiento-
_xAspectos religiosos.
_917258
700 1 _aStolojan, Sanda.
_9108293
700 0 _aPanizo, Rafael.
_988795
830 0 0 _aMarginales ;
_v100
_9236110
852 _aES-MaACL
_jL-30049
_z.- Donat. Miguel A. Velasco
942 _2udc
999 _c183210
_d183210